000 00484nam a2200193Ia 4500
003 GCL
008 140319s9999 xx 000 0 eng d
040 _aGCL /
_cGCL
082 0 4 _a843
_bS T
100 1 _aSALACROU, ARMAND
245 1 0 _aLA TERRE EST RONDE /
_cSALACROU, ARMAND
260 _a[S.N] :
_bFOLIO ،
_c1973
300 _a180 P
490 _aCOLLECTION FOLIO
_v0
650 0 4 _aLITERATURE
650 0 4 _aSALACROU, ARMAND
650 0 4 _aFRENCH LITERATURE
942 _2ddc
_cBK
999 _c22544
_d22544